00733 2200325 4500001002100000008004100021035002000062245004900082250001000131260003900141300002200180020001800202084001400220082000800234650001200242990001100254990001100265990001100276990001100287990001100298990001100309990001100320990001100331990001100342990001000353990001100363990001100374990001100385990001100396INLIS000000000001104 ind  a0010-0722000653 aSinggasana Di Atas LangitcSamsul Munir Amin aCet.1 aWonosobobMedia Kreasi Pressc2017 a134c14 x 20,5 cm a9786026150608 a398 SAM s a398 aFolklor aDI.050 aDI.041 aDI.048 aDI.221 aDI.049 aDI.047 aDI.046 aDI.045 aDI.044 aDI043 aDI.042 aDI.222 aDI.223 aDI.885